Quizzes
Events
Quiz Creation
Community
Videos
Private Events
Remove Ads
Sign In
Join for FREE
Feedback
Dark Mode
Quiz Categories
Sports
Geography
Music
Movies
Television
Just For Fun
Miscellaneous
History
Literature
Language
Science
Gaming
Entertainment
Religion
Holiday
For Kids
Quiz Lab
Recent
Popular Today
Quiz Kudos Today
Editor Picks
Curator Picks
Quizzes by...
Day
Popularity
Type
Ratings
Length
Year
Community
Subscriptions
Recent Discussions
Orange Saloon
Badges
Playlists
Quests
Create
Leaderboards
Showdown
Live 5
Trivia Bingo
Activity
Puzzle Library
Sporcle Events
Private Events
Virtual Trivia
Globe League
Become a Host
Pub Owners
SporcleCon
Opinionation
Our Games
Videos
Blog
Mobile Apps
Partnerships
Remove Ads and Go Orange
Feedback
Gaming
Video Games
Board Games
Card Games
Pokémon
Mario
Nintendo
Minecraft
Console
Toys
Legend of Zelda
Gaming
Video Games
Board Games
Card Games
Pokémon
Mario
Nintendo
Minecraft
Console
Toys
Legend of Zelda
Random Quiz
Search Sporcle
×
Quiz Lab
Quiz Lab
Gaming
Video Games
Type in answers that appear in a list
Type in answers that appear in a list
Classic
Best Score? Go Orange.
Fire Emblem: Awakening Playable Characters Stats
Can you name all of the playable characters in Fire Emblem: Awakening?
By
OHPace
5m
49 Questions
405 Plays
405 Plays
405 Plays
Comments
Comments
Give Quiz Kudos
Give Quiz Kudos
-
- Ratings
hide this ad
More Info
Replay
Link that replays current quiz
Next Quiz
Link to next quiz in quiz playlist
You Got
0%
They Got
Avg Score
89%
Avg Friend Score
Upgrade to see
Score Distribution
Jump to the score distribution portion of the page
Score
0/49
Timer
05:00
0
Plays Today
Class
Character
% Correct
Lord
Chrom
100%
Tactician
Robin
99.8%
Cleric
Lissa
98.3%
Great Knight
Frederick
97.5%
Dark Mage
Tharja
97.3%
Dancer
Olivia
96.5%
Pegasus Knight
Cordelia
96.3%
Manakete
Nowi
96.3%
Lord
Lucina
96.3%
Cavalier
Sully
95.8%
Archer
Virion
95.8%
Pegasus Knight
Sumia
95.6%
Fighter
Vaike
95.1%
Villager
Donnel
95.1%
Myrmidon
Lon'qu
94.8%
Manakete
Tiki
94.1%
Thief
Gaius
93.8%
Cavalier
Stahl
93.3%
Wyvern Rider
Cherche
93.1%
Taguel
Panne
92.8%
Dark Mage
Henry
92.8%
Trickster
Anna
92.6%
Troubadour
Maribelle
92.1%
Manakete
Nah
91.9%
Myrmidon
Owain
91.6%
Class
Character
% Correct
Mage
Miriel
91.1%
Knight
Kellam
91.1%
Varies
Morgan
90.6%
Mage
Ricken
89.9%
War Monk
Libra
89.9%
Mercenary
Gregor
89.4%
Mercenary
Inigo
88.9%
Swordmaster
Say'ri
88.1%
Mercenary
Severa
87.2%
Pegasus Knight
Cynthia
85.7%
Archer
Noire
84.7%
Priest
Brady
84.4%
Warrior
Basilio
83.5%
Knight
Kjelle
83.5%
Hero
Flavia
82.2%
Wyvern Rider
Gerome
82.2%
Conquerer
Walhart
82%
Dark Flier
Aversa
81.7%
Sage
Emmeryn
81.5%
Trickster
Gangrel
81%
Taguel
Yarne
80.5%
Mage
Laurent
79.8%
Swordmaster
Yen'fay
74.6%
Hero
Priam
74.6%
Quiz Playlist
Details
Report
Send in Message
Add To Playlist
More Info:
This includes Children and characters you get Post-Game.
Classic:
Type in answers that appear in a list
Last Updated: Feb 16, 2017
Quiz Scoreboard
CHALLENGE
Sign Up to Join the Scoreboard
Show All
Scores
Hide
Comments
May contain spoilers
Recently Published
Alphabetical 'K' Countries by Flag Minefield
by ylime102
Geography
3m
Pick 6: Fruits
by JohnFran
Miscellaneous
15s
Click the 1999 NBA Draft
by nibperrychub
Sports
2m
More to Explore
Quiz From the Vault
Featured Blog Post
15 Basketball Trivia Facts You Can Be March Mad About
hide this ad
You Might Also Like...
Tags
Nintendo Quiz
Video Games Quiz
Fire Emblem
Fire Emblem: Awakening
Playable Characters
Today's Top Quizzes in Gaming
Browse Gaming
hide this ad
Today's Top Quizzes in Video Games
Browse Video Games
Top Contributed Quizzes in Gaming
1
Pokémon Gen IV Logic Puzzle (HARD)
2
Order Genshin Impact characters by release date!
3
HARD Pokemon Logic Puzzle
4
Honkai: Star Rail Technique Names Quiz
5
Genshin Impact Logic Puzzle Quiz
6
Danganronpa Sorting Blitz
7
Pokémon Logic Puzzle (DIFFICULT)
8
Genshin Impact Logic Puzzle Quiz II
9
Animal Crossing Neighbors (Clickable)
10
Overwatch Logic Puzzle
Explore More
Trending Topics
Disney
NBA
Anime
Kpop
Marvel
Crossword
Harry Potter
Soccer
Song
NFL
Country
Puzzle
Pokémon
The Office
WWE
hide this ad
More By:
OHPace
Quiz
Plays
Rating
Category
Featured
Created
Fire Emblem: Awakening Playable Characters
405
5.00
Gaming
Apr 6, 2015
Fire Emblem Parent/Child Matchup
165
4.00
Gaming
Jan 5, 2023
Go to Creator's Profile
Score Distribution
Quiz Creator Spotlight
OHPace
Follow
Send a Message
Quizzes Created
-
Created Quiz Play Count
-
More By This Creator
Popular Quizzes Today
1
Find the US States - No Outlines Minefield
2
Countries of Asia Without Outlines Minefield
3
Pick 6: Fruits
4
The Countries of the World
5
Alphabetical 'K' Countries by Flag Minefield
6
Find the US States
7
Click the 1999 NBA Draft
8
Match the Book to the Film X
More Gaming Quizzes
Yu-Gi-Oh! Click a Monster 8
Quiz Lab
Trending Quizzes
Pick 6: Harry Potter
Pick 6: Mountains
Pick 6: NFL Teams
Pick 6: Movie Franchises
Pick 6: Golfers
Recently Updated
Women's Final Four Teams by Year
bhenderson79
Presidents Quartet II
eogle
Anything But Clue(do)
eogle
Anything But Oceanian Capitals
eogle
Anything But 7
eogle
Anything But Thing
eogle
Word Ladder: February 29
pecheneg
Song Title Questions
pecheneg
Women's NCAA Tournament #1 Seeds
pecheneg
Celebrity Mug Shots
pecheneg
Trending Topics
Disney
Kpop
Harry Potter
Crossword
Marvel
Anime
NBA
Puzzle
WWE
NFL
Pokémon
Soccer
Country
The Office
Song
Your Account Isn't Verified!
In order to create a playlist on Sporcle, you need to verify the email address you used during registration. Go to your
Sporcle Settings
to finish the process.
Report this User
Report this user for behavior that violates our
Community Guidelines
.
Details:
Send Report
Go to the Sporcle.com Mobile Site →
Comments